10. AMFO Trenčianskeho kraja súťažná výstava amatérskej fotografie : Trenčín, Kultúrne a metodické centrum OS SR Minigaléria za oknami, 16.5.-11.6.2006

Podrobná bibliografia
Korporatívny autor: AMFO Trenčianskeho kraja Trenčín, Slovensko
Médium: Konferenčný príspevok Kniha
Jazyk:slovenčina
Fyzický popis:2 zlož. listy ([10] s.) fotogr. 30 cm
Vydavateľské údaje: V Trenčíne Trenčianske osvetové stredisko [2006]
ISBN:9788070920107 (brož.)
Vydanie:[1. vyd.]
Predmet:

MARC

LEADER 00000nam a2200000 a 4500
001 vtls008952476
003 SK-MaSNL
005 20260301124808.0
008 070306s2006 xo o g c 000 0 slo
015 |a SNBE2011/03-02744 
020 |a 9788070920107 (brož.) 
040 |a SNK  |b slo  |c SNK  |e AACR2 
041 0 |a slo 
043 |a e-xo--- 
044 |a xo  |c SK 
072 7 |a 77  |x Fotografia. Fotografické postupy  |2 konspekt 
080 |a 77.03/.08-027.562  |2 2001 
080 |a (437.6)  |2 2001 
080 |a (083.824)  |2 2001 
080 |a 77.092  |2 2001 
080 |a 77.04  |2 2001 
111 2 |a AMFO Trenčianskeho kraja  |n (10. :  |d 2006 :  |c Trenčín, Slovensko)  |9 473790 
245 1 0 |a 10. AMFO Trenčianskeho kraja  |b súťažná výstava amatérskej fotografie : Trenčín, Kultúrne a metodické centrum OS SR Minigaléria za oknami, 16.5.-11.6.2006 
246 3 |a Desiate AMFO Trenčianskeho kraja 
250 |a [1. vyd.] 
260 |a V Trenčíne  |b Trenčianske osvetové stredisko  |c [2006] 
300 |a 2 zlož. listy ([10] s.)  |b fotogr.  |c 30 cm 
366 |e 300 výt. 
500 |a Zoznam autorov a vystavených fotografií 
611 2 7 |a AMFO Trenčianskeho kraja  |n (10. :  |d 2006 :  |c Trenčín, Slovensko)  |2 SNKKA  |9 473790 
648 7 |a 2006  |2 SNKPH  |9 313148 
650 0 7 |a fotografické súťaže  |2 SNKPH  |9 2908 
650 0 7 |a amatérska fotografia  |2 SNKPH  |9 72795 
650 0 7 |a umelecká fotografia  |2 SNKPH  |9 29370 
651 7 |a Trenčín (Slovensko)  |2 SNKPH  |9 159956 
655 7 |a katalógy výstav  |2 SNKPH  |9 70445 
752 |a Slovensko  |d Trenčín 
919 |a 978-80-7092-010-7 
999 |c 740485  |d 742415 
952 |a SNK  |b SNK  |y PREZ  |7 0  |p 17A0543429  |o snkOSB 14785  |i snk2007/6192  |8 0  |0 0  |1 0  |4 0  |d 2007-03-06  |l 0  |r 2026-02-23 22:57:41  |w 2026-02-23 
952 |a SNK  |b SNK  |y PREZ  |7 0  |p 17A0543430  |o snkOSB 14785 D1  |i snk2007/6193  |8 0  |0 0  |1 0  |4 0  |d 2007-03-06  |l 0  |r 2026-02-23 22:57:41  |w 2026-02-23